The gilded cage / (Record no. 9650)

MARC details
000 -LEADER
fixed length control field 01711nam a22002537a 4500
001 - CONTROL NUMBER
control field 9650
003 - CONTROL NUMBER IDENTIFIER
control field FISKH
005 - DATE AND TIME OF LATEST TRANSACTION
control field 20260128092811.0
008 - FIXED-LENGTH DATA ELEMENTS--GENERAL INFORMATION
fixed length control field 260128b cb ||||| |||| 00| 0 eng d
020 ## - INTERNATIONAL STANDARD BOOK NUMBER
International Standard Book Number 9781529360431
040 ## - CATALOGING SOURCE
Original cataloging agency FISKH
Language of cataloging eng
Transcribing agency FISKH
Modifying agency FISKH
050 ## - LIBRARY OF CONGRESS CALL NUMBER
Classification number PZ7.1 .N6385
082 ## - DEWEY DECIMAL CLASSIFICATION NUMBER
Classification number 823.92
100 ## - MAIN ENTRY--PERSONAL NAME
Personal name Noni, Lynette
245 ## - TITLE STATEMENT
Title The gilded cage /
Statement of responsibility, etc. by Lynette Noni
250 ## - EDITION STATEMENT
Edition statement This edition published in 2024.
260 ## - PUBLICATION, DISTRIBUTION, ETC.
Place of publication, distribution, etc. London :
Name of publisher, distributor, etc. Hodder Scape,
Date of publication, distribution, etc. 2021
300 ## - PHYSICAL DESCRIPTION
Extent 452 pages :
Dimensions 20 cm
490 ## - SERIES STATEMENT
Series statement The Prison Healer :
Volume/sequential designation Book two
520 ## - SUMMARY, ETC.
Summary, etc. Kiva Meridan is a survivor.<br/><br/>She survived not only Zalindov prison, but also the deadly Trial by Ordeal. Now Kiva's purpose goes beyond survival to vengeance. For the past ten years, her only goal was to reunite with her family and destroy the people responsible for ruining their lives. But now that she has escaped Zalindov, her mission has become more complicated than ever.<br/><br/>As Kiva settles into her new life in the capital, she discovers she wasn't the only one who suffered while she was in Zalindov�her siblings and their beliefs have changed too. Soon it's not just her enemies she's keeping secrets from, but her own family as well.<br/><br/>Outside the city walls, tensions are brewing from the rebels, along with whispers of a growing threat from the northern kingdoms. Kiva's allegiances are more important than ever, but she's beginning to question where they truly lie. To survive this time, she'll have to navigate a complicated web of lies before both sides of the battle turn against her and she loses everything.<br/>
650 ## - SUBJECT ADDED ENTRY--TOPICAL TERM
Topical term or geographic name entry element Fairyloot
Form subdivision Fantasy
General subdivision Romance
Chronological subdivision Young Adult
942 ## - ADDED ENTRY ELEMENTS (KOHA)
Source of classification or shelving scheme Dewey Decimal Classification
Koha item type Books
Suppress in OPAC No
Holdings
Withdrawn status Lost status Source of classification or shelving scheme Damaged status Not for loan Collection Home library Current library Shelving location Date acquired Total Checkouts Full call number Barcode Date last seen Copy number Price effective from Koha item type
    Dewey Decimal Classification     Fiction Footprints International School Library Network Toul Kork Campus Footprints International School Library Network Toul Kork Campus A TK Campus, 4th Floor, Room B401, Fiction Bookcases (1-6) 01/28/2026   NON 823.92 PZ7.1 .N6385 2026-0168 01/28/2026 1 01/28/2026 Books